| 000 | 00533nam a2200181 a 4500 | ||
|---|---|---|---|
| 001 | 4941 | ||
| 003 | CO-ViMGA | ||
| 008 | 141112s2004 ck r 000 u spa d | ||
| 040 |
_aCO-ViMGA _bspa _cCO-ViMGA |
||
| 082 | 0 | 4 |
_a633.88 _bR651 |
| 100 | 1 |
_aRomana, Ángela _99991 |
|
| 245 | 1 | 0 |
_aRemedios florales de Bach : _bguía completa / _cRomana Ángela , Albertindzzi Elba |
| 260 |
_aBuenos Aires : _bAlbatros, _c1995 |
||
| 300 | _a93 p | ||
| 650 | 1 | 4 |
_aAlbertindzzi, Elba _99992 |
| 650 | 1 | 4 |
_aPLANTAS MEDICINALES _98385 |
| 942 |
_2ddc _cBK |
||
| 999 |
_c16944 _d16944 |
||